00996nam a2200265 i 4500001001000000003000900010005001700019007000300036008004100039040003000080041000800110082002500118245011200143264011400255300004300369336002800412337003500440338003000475490003300505500004200538500003800580505003600618650003700654650003900691000008979DO-SdBNP20260205134700.0ta090922s1972 dr 000 p spa d aDO-SdBNPbspacBNPHUerda aspa 4aRD861.408bR918a22200aAntología panorámica de la poesía dominicana contemporánea (1912-1962) /ccompilador, Manuel Rueda. aSantiago de los Caballeros, República Dominicana :bUniversidad Católica Madre y Maestra, (UCMM), c1972. avolúmenes :bilustraciones ;c21 cm. atextobtxt2rdacontent  asin mediación bn2rdamedia  avolumen bnc2rdacarrier 0 aColección Contemporáneos aIncluye notas al pie de las páginas aLa bibliotecca posee el volumen 10 gv.1tLos movimientos literarios 7aPoesía dominicanavColecciones 7aLiteratura dominicanavColecciones